Digital communications (Record no. 956)

000 -LEADER
fixed length control field 00508nam a2200205 a 4500
001 - CONTROL NUMBER
control field 956
003 - CONTROL NUMBER IDENTIFIER
control field BD-DhUET
008 - FIXED-LENGTH DATA ELEMENTS--GENERAL INFORMATION
fixed length control field 860516s1986 inua b 001 0 eng
020 ## - INTERNATIONAL STANDARD BOOK NUMBER
International Standard Book Number 0071181830
040 ## - CATALOGING SOURCE
Original cataloging agency DLC
Transcribing agency DLC
Modifying agency BD-DhUET
082 00 - DEWEY DECIMAL CLASSIFICATION NUMBER
Classification number 623.8
Item number PRO/2001
100 ## - MAIN ENTRY--PERSONAL NAME
Personal name Proakis, John G.
245 00 - TITLE STATEMENT
Title Digital communications
250 ## - EDITION STATEMENT
Edition statement 4th ed.
260 ## - PUBLICATION, DISTRIBUTION, ETC. (IMPRINT)
Place of publication, distribution, etc. Boston
Name of publisher, distributor, etc. McGraw-Hill
Date of publication, distribution, etc. 2001
300 ## - PHYSICAL DESCRIPTION
Extent xxi,1002p..
504 ## - BIBLIOGRAPHY, ETC. NOTE
Bibliography, etc Includes bibliographies

650 #0 - SUBJECT ADDED ENTRY--TOPICAL TERM
Topical term or geographic name as entry element Digital communications.
942 ## - ADDED ENTRY ELEMENTS (KOHA)
Koha item type General Book
Holdings
Koha full call number Koha item type Lost status Piece designation (barcode) Koha normalized classification for sorting Koha date last borrowed Koha date last seen Location (home branch) Date acquired Koha issues (times borrowed) Sublocation or collection (holding branch) Copy number Shelving location Damaged status Withdrawn status Source of classification or shelving scheme Price effective from Not for loan
623.8/PRO/2001General Book 103342623_000000000000000_8PRO2001 2014-08-26Central Library, BUET2014-08-26 Central Library, BUET1Circulation section   2014-08-26 
623.8/PRO/2001General Book 103344623_000000000000000_8PRO2001 2017-07-30Central Library, BUET2014-08-26 Central Library, BUET2Circulation section   2014-08-26 
623.8/PRO/2001General Book 103345623_000000000000000_8PRO2001 2015-06-08Central Library, BUET2014-08-26 Central Library, BUET3Circulation section   2014-08-26 
623.8/PRO/2001General Book 103346623_000000000000000_8PRO20012015-05-202015-08-18Central Library, BUET2014-08-261Central Library, BUET4Circulation section   2014-08-26 
623.8/PRO/2001General Book 103347623_000000000000000_8PRO2001 2014-08-26Central Library, BUET2014-08-26 Central Library, BUET5Circulation section   2014-08-26 
623.8/PRO/2001General Book 103348623_000000000000000_8PRO20012018-08-062018-08-29Central Library, BUET2014-08-262Central Library, BUET6Circulation section   2014-08-26 
623.8/PRO/2001General Book 103349623_000000000000000_8PRO20012018-08-292018-09-11Central Library, BUET2014-08-261Central Library, BUET7Circulation section   2014-08-26 
623.8/PRO/2001General Book 103350623_000000000000000_8PRO2001 2015-08-16Central Library, BUET2014-08-26 Central Library, BUET8Circulation section   2014-08-26 
623.8/PRO/2001General Book 107674623_000000000000000_8PRO2001 2015-03-01Central Library, BUET2014-08-26 Central Library, BUET9Circulation section   2014-08-26 
623.8/PRO/2001General Book 103343623_800000000000000_PRO_20012018-08-282018-09-09Central Library, BUET2007-05-071Central Library, BUET10Circulation section   2017-05-16